| 000 | 00733nam a2200181Ia 4500 | ||
|---|---|---|---|
| 005 | 20250326130827.0 | ||
| 008 | 250326s9999 xx 000 0 und d | ||
| 037 | _aTextbook | ||
| 040 |
_aFMSL _beng _cFMSL |
||
| 041 |
_aeng _2eng |
||
| 084 |
_aX:74obU8.1 P9 _qFMSL |
||
| 100 |
_aKitamura R _9741478 |
||
| 245 | 4 |
_aThe expanding Sphere of travel Behaviour Research; selected papers from the 11th international confrence on travel behaviour research _cKitamura Ryuichi; Yoshii Toshio; Yamamoto Toshiyuki |
|
| 260 |
_aUnited Kingdom _bUnited Kingdom, Howard House, Wagon Lane, Bingley BD16 1WA, Emerald Group Publishing Limited _c2009 |
||
| 300 | _a935p | ||
| 942 |
_cTB _hX:74obU8.1 P9 |
||
| 999 |
_c1284274 _d1284274 |
||